| 000 | 00846nam a2200193 4500 | ||
|---|---|---|---|
| 008 | 040709s1992 mnu b 000 0 eng | ||
| 020 | _a0800626524 :USD9.95 | ||
| 082 | 0 | 0 |
_a234/.165/09015 _220 |
| 090 |
_aBR195.M37 _bM34h |
||
| 245 | 0 | 0 |
_aMarriage in the early church / _ctranslated and edited by David G. Hunter. |
| 260 |
_aMinneapolis : _bFortress Press, _cc1992. |
||
| 300 |
_aviii, 157 p. ; _c22 cm. |
||
| 490 | 1 | _aSources of early Christian thought | |
| 504 | _aIncludes bibliographical references (154-157). | ||
| 650 | 4 |
_aMarriage _xReligious aspects _xChristianity _xHistory of doctrines _yEarly church, ca. 30-600 _xSources. |
|
| 650 | 4 |
_aMarriage _xReligious aspects _xChristianity _xHistory of doctrines _yEarly church, ca. 30-600. |
|
| 700 | 1 | _aHunter, David G. | |
| 951 |
_p16733 _x00006784 _oBR195.M37/M34h _j070613111404328 _d2000-12-21 _cGC |
||
| 999 |
_c20536 _d20536 |
||